000 00545nam a2200157Ia 4500
008 240126s9999 xx 000 0 und d
022 _a0974-2247
041 _aEnglish
082 _aLIBRARY-XXI
245 0 _aInternational Journal of Computer and Internet Security (2012 -
260 _bInternational Research Publication House
_aNew Delhi
440 _aNULL
650 _aComputer Science, Information Science, Computer Applications
650 _aComputer,(2012,-,Computer Science,Information Science,Computer Applications
942 _cJN
999 _c271415
_d271415